Estatísticas para Físico-química 6

Clique aqui para jogar o quiz

Estatísticas Gerais

  • Esse quiz foi jogado 5 vezes
  • A pontuação média é 4 de 17

Estatísticas das Respostas

HintResposta% Correto
Qual é o ramo da Física que estuda a luz?Ótica
80%
Que nome damos a um corpo que varia a sua posição em relação à origem do referencial ao longo do tempo?Corpo em movimento
40%
Que nome damos a um corpo que mantém a sua posição em relação à origem do referencial ao longo do tempo?Corpo em repouso
40%
Que nome damos á imagem que pode ser projetada num alvo (ecrã)?Imagem real
40%
Que nome damos á imagem que não pode ser projetada, apenas é visualizada pelos nossos olhos?Imagem virtual
40%
Que nome damos aos corpos que emitem luz visível?Corpos luminosos
20%
Se a trajetória for em linha curva dizemos que é?Curvilínea
20%
Que nome damos a um sistema de coordenadas associado a um corpo, ou corpos, que define uma origem e um conjunto de direções a partir das quais é possível localizar um ou mais corpos relativamente à origem?Referencial
20%
O que ocorre quando as ondas sonoras encontram no seu caminho uma superfície lisa e dura, fazendo com que as ondas sejam reenviadas para o mesmo meio?Reflexão do som
20%
Que nome damos á alteração da velocidade da luz quando muda de meio de propagação?Refração da luz
20%
Se a trajetória for em linha reta dizemos que é?Retilínea
20%
Que nome damos a um intervalo de tempo que decorre desde que o condutor observa um obstáculo até ao instante que inicia a travagem?Tempo de reação
20%
Que nome damos a um conjunto de posições ocupadas por um corpo num dado intervalo de tempo?Trajetória
20%
O que ocorre quando as ondas sonoras encontram uma superfície rugosa, sendo a sua energia dissipada e absorvida pelo obstáculo?Absorção do som
0%
Que nome damos aos corpos que não emitem luz visível e só são visíveis quando incide sobre eles luz visível?Corpos iluminados
0%
O que ocorre quando as ondas sonoras mudam de direção quando passam de um meio para outro. ?Refração do som
0%
Que nome damos a um intervalo de tempo durante o qual o veículo trava?Tempo de travagem
0%

Distribuição das Pontuações

Percentil de Números Respondidos

Porcentagem de Pessoas com Cada Pontuação

Sua Pontuação Histórica

Você não jogou esse quiz